The problem of executive staff and senior officials of public and private institutions in India (Record no. 500784)
[ view plain ]
| 000 -LEADER | |
|---|---|
| fixed length control field | 00583cam a22001337a 4500 |
| 008 - FIXED-LENGTH DATA ELEMENTS--GENERAL INFORMATION | |
| fixed length control field | 180718b1960 xxu||||| |||| 00| 0 eng d |
| 082 ## - DEWEY DECIMAL CLASSIFICATION NUMBER | |
| Classification number | K12x54 In2p |
| 245 ## - TITLE STATEMENT | |
| Title | The problem of executive staff and senior officials of public and private institutions in India |
| 260 ## - PUBLICATION, DISTRIBUTION, ETC. | |
| Place of publication, distribution, etc. | Delhi |
| Name of publisher, distributor, etc. | Indian Institute of Public Administration |
| Date of publication, distribution, etc. | 1960 |
| 300 ## - PHYSICAL DESCRIPTION | |
| Extent | 33p. |
| 500 ## - GENERAL NOTE | |
| General note | Working paper for the 32nd Study Session of the International Institute of Differing Civilizations - Munich, 19-22 September 1960 |
| 650 ## - SUBJECT ADDED ENTRY--TOPICAL TERM | |
| Topical term or geographic name entry element | Civil service --India |
| 700 ## - ADDED ENTRY--PERSONAL NAME | |
| Personal name | Indian Institute of Public Administration |
| Withdrawn status | Lost status | Damaged status | Not for loan | Permanent Location | Current Location | Date acquired | Full call number | Barcode | Date last seen | Price effective from | Koha item type |
|---|---|---|---|---|---|---|---|---|---|---|---|
| Indian Institute of Public Administration | Indian Institute of Public Administration | 2018-08-04 | K12x54 In2p | GR6368 | 2018-08-04 | 2018-08-04 | GR | ||||
| Indian Institute of Public Administration | Indian Institute of Public Administration | 2018-08-04 | K12x54 In2p | GR6367 | 2018-08-04 | 2018-08-04 | GR | ||||
| Indian Institute of Public Administration | Indian Institute of Public Administration | 2018-08-04 | K12x54 In2p | GR6366 | 2018-08-04 | 2018-08-04 | GR | ||||
| Indian Institute of Public Administration | Indian Institute of Public Administration | 2018-08-04 | K12x54 In2p | GR6365 | 2018-08-04 | 2018-08-04 | GR | ||||
| Indian Institute of Public Administration | Indian Institute of Public Administration | 2018-08-04 | K12x54 In2p | GR5419 | 2018-08-04 | 2018-08-04 | GR | ||||
| Indian Institute of Public Administration | Indian Institute of Public Administration | 2018-08-04 | K12x54 In2p | GR5418 | 2018-08-04 | 2018-08-04 | GR | ||||
| Indian Institute of Public Administration | Indian Institute of Public Administration | 2018-08-04 | K12x54 In2p | GR5417 | 2018-08-04 | 2018-08-04 | GR |
